Statistiken für Britische Städte Karten-Quiz

Klicken Sie hier um das Quiz zu spielen!

Allgemein

  • Dieses Quiz wurde 1,875 mal gespielt
  • Das Durchschnittsergebnis liegt bei 11 aus 21

Antwortstatistiken

Answer % Korrekt
London
96%
Belfast
70%
Cardiff
70%
Manchester
68%
Glasgow
66%
Dover
64%
Edinburgh
62%
Liverpool
59%
Plymouth
58%
Aberdeen
51%
Newcastle
48%
Oxford
48%
Bristol
47%
Birmingham
46%
Londonderry / Derry
44%
Brighton
44%
Kirkwall
44%
Inverness
40%
Norwich
34%
Douglas
32%
York
31%

Verteilung der Resultate

Perzentil nach korrekt beantworteten Fragen

Anzahl Personen mit jedem Resultat

Ihre Resultats-Entwicklung

Sie haben dieses Quiz noch nicht gespielt